Canada raw material giant among industrial nations

Uloženo v:
Podrobná bibliografie
Médium: Kniha
Jazyk:Undetermined
Vydáno: Switzerland Union Bank 1975
Témata:
Tagy: Přidat tag
Žádné tagy, Buďte první, kdo otaguje tento záznam!
Thư viện lưu trữ: Trung tâm Học liệu Trường Đại học Cần Thơ
LEADER 00460nam a2200169Ia 4500
001 CTU_83197
008 210402s9999 xx 000 0 und d
082 |a 330.9 
082 |b C212 
245 0 |a Canada raw material giant among industrial nations 
260 |a Switzerland 
260 |b Union Bank 
260 |c 1975 
650 |a Canada 
650 |x Economic conditions 
904 |i Qhieu(sửa) 
980 |a Trung tâm Học liệu Trường Đại học Cần Thơ